Historical novel (Record no. 19646)

MARC details
000 -LEADER
fixed length control field 00428nam a2200169Ia 4500
008 - FIXED-LENGTH DATA ELEMENTS--GENERAL INFORMATION
fixed length control field 230917s9999||||xx |||||||||||||| ||und||
020 ## - ISBN
Price RS450
040 ## - CATALOGING SOURCE
-- 235492
Original cataloging agency VIVEKANANDA LIBRARY
041 ## - Language
-- English
082 ## - DDC NUMBER
Classification number 809.3 D34H
100 ## - MAIN ENTRY--PERSONAL NAME
Personal name de Groot, Jerome
245 #0 - TITLE STATEMENT
Title Historical novel
260 ## - PUBLICATION, DISTRIBUTION, ETC. (IMPRINT)
Place of publication, distribution, etc London
Name of publisher, distributor, etc Routledge
Date of publication, distribution, etc 2013
300 ## - PHYSICAL DESCRIPTION
Pages vi, 200 p.
500 ## - GENERAL NOTE
General note 2441 21/10/2016 HBD16/6694 21/10/2016 Main Budget
942 ## - ADDED ENTRY ELEMENTS (KOHA)
Koha item type Books
Holdings
Withdrawn status Lost status Damaged status Not for loan Location (home branch) Sublocation or collection (holding branch) Date acquired Koha issues (times borrowed) Koha full call number Accession No. Koha date last seen Koha item type
        VIVEKANANDA LIBRARY VIVEKANANDA LIBRARY 09/12/2016 1 809.3 D34H 354175 19/11/2024 Books
© Designed and Maintained by Vivekananda Library, MDU Rohtak